000 00470nam a2200181Ia 4500
001 25426
005 20260414151149.0
008 260414t2005||||xx |||||||||||||| ||spa||
041 _aESP
082 _a346.5
_bP43
100 _aPeralta Andía, Javier Rolando [1943-...]
_eAUT
245 0 _aFuentes de las obligaciones :
_ben el código civil
260 _c2005
300 _a788 páginas :
_c23 cm.
650 _aDER
654 _aCDE
942 _cLIB
_dJUS
_fJUS
_2ddc
_n
999 _c25426
_d25426